• 首页
  • 本馆介绍
  • 公告通知
  • 最新文献
  • 馆藏检索
  • 电子资源
  • 读者导购
  • 参考咨询
  • 我的图书馆
  • 登录
  • 详细信息显示
  • 放入我的书架
  • 预约/预借图书
  • 作者相关作品
  • 分类相关作品
  • 丛书相关作品
  • 出版社相关作品

书目信息

  • 表格格式
  • 工作单格式
  • 卡片格式
题名:
货币战争
    
 
作者: 宋鸿兵 著
分册: 3   金融高边疆
出版信息: 北京   中华工商联合出版社  2011
页数: 293页
开本: 25cm
丛书名:
单 册:
中图分类: F831.9
科图分类:
主题词: 金融--经济史--世界 , 金融--经济史--中国--近现代 , 金融 , 经济史
电子资源:
ISBN: 978-7-80249-763-4
000 01181nam0 2200277 450
001 5
005 20140909103037.48
010    @a978-7-80249-763-4@dCNY39.90
100    @a20110316d2011 em y0chiy50 ea
101 0  @achi
102    @aCN@b110000
105    @aa z 000yy
106    @ar
200 1  @a货币战争@h3@i金融高边疆@f宋鸿兵著
210    @a北京@c中华工商联合出版社@d2011
215    @a293页@c图,照片@d25cm
304    @a英文共同题名:Currency wars
330    @a“高边疆”理论是美国人提出的国家安全新思维。除了陆疆、海疆、空疆,金融乃是一个主权国家必须保卫的“第四维边疆”。为什么鸦片贸易和鸦片战争只在中国发生?为什么日本的明治维新能成功,而中国的洋务运动却会失败?为什么国共两党都要“一手抓枪杆子,一手抓钱袋子”?为什么蒋介石能够统一货币却不能维护货币主权?为什么国民党的法币改革刺激了日本,并加速了日本的侵华战争?为什么国民党的法币最终走向崩溃,而共产党的人民币却能横空出世?本书沿着金钱的主轴,逐步展开中国近代金融史的画卷。
606 0  @a金融@x经济史@y世界
606 0  @a金融@x经济史@y中国@z近现代
606 0  @a金融
606 0  @a经济史
690    @aF831.9@v5
701  0 @a宋鸿兵@4著
801  0 @aCN@bTANGWEI@c20140603
905    @b0843244-46@dF831.9@e60@f3
    
    货币战争.3.金融高边疆/宋鸿兵著.-北京:中华工商联合出版社,2011
    293页:图,照片;25cm
    
    
    ISBN 978-7-80249-763-4:CNY39.90
    “高边疆”理论是美国人提出的国家安全新思维。除了陆疆、海疆、空疆,金融乃是一个主权国家必须保卫的“第四维边疆”。为什么鸦片贸易和鸦片战争只在中国发生?为什么日本的明治维新能成功,而中国的洋务运动却会失败?为什么国共两党都要“一手抓枪杆子,一手抓钱袋子”?为什么蒋介石能够统一货币却不能维护货币主权?为什么国民党的法币改革刺激了日本,并加速了日本的侵华战争?为什么国民党的法币最终走向崩溃,而共产党的人民币却能横空出世?本书沿着金钱的主轴,逐步展开中国近代金融史的画卷。
●
相关链接 在E读中查询图书 在五车中查询图书 在当当中查询图书 在豆瓣中查询图书


正题名:货币战争     索取号:F831.9/60         预约/预借

序号 登录号 条形码 馆藏地/架位号 状态 备注
1 0843244   208432445   第一样本阅览室/ [索取号:F831.9/60] 在馆    
2 0843245   208432454   第一借阅区/ [索取号:F831.9/60] 在馆    
3 0843246   208432463   密集书库-海洋学院/ [索取号:F831.9/60] 在馆    
唐山师范学院图书馆 欢迎您!
大连网信软件有限公司© 版权所有